00000000nam 2200000zi 4500
0019.955238
003CaOODSP
00520251029133531
006m     o  d f      
007cr mn|||||||||
008250912e20251029onca    obs  f000 0 fre d
020 |a9780660789385
040 |aCaOODSP|bfre|erda|cCaOODSP
043 |an-cn---
045 |ax9y2
0861 |aCS75-006/2025-3-3F-PDF
1001 |aCotter, Adam, |eauteur.
24510|aTendances des infractions relatives aux drogues déclarées par la police au Canada / |cpar Adam Cotter et Shana Conroy.
264 1|a[Ottawa] : |bStatistique Canada = Statistics Canada, |c29 octobre 2025.
264 4|c©2025
300 |a1 ressource en ligne (11 pages) : |billustrations en couleur.
336 |atexte|btxt|2rdacontent/fre
337 |ainformatique|bc|2rdamedia/fre
338 |aressource en ligne|bcr|2rdacarrier/fre
4901 |aRegards sur la société canadienne, |v2291-0859
500 |aPublié aussi en anglais sous le titre : Trends in police-reported drug crime in Canada.
500 |a« N° 75‑006‑X au catalogue. »
500 |a« Numéro spécial de Regards sur la société canadienne » -- Page 1.
504 |aComprend des références bibliographiques (page 11).
520 |a« À l'aide des données du Programme de déclaration uniforme de la criminalité, la présente étude permet d'examiner les infractions relatives aux drogues déclarées par la police au Canada au fil du temps. … » -- Aperçu de l'étude, page 1.
650 6|aDrogues et criminalité|zCanada|vStatistiques.
650 6|aDrogues|xTrafic|zCanada|vStatistiques.
655 7|aStatistiques|2rvmgf
7102 |aStatistique Canada, |eorganisme de publication.
77508|tTrends in police-reported drug crime in Canada / |w(CaOODSP)9.955237
830#0|aRegards sur la société canadienne (Statistique Canada)|w(CaOODSP)9.503798
85640|qPDF|s560 Ko|uhttps://publications.gc.ca/collections/collection_2025/statcan/75-006-x/75-006-2025-3-3-fra.pdf
8564 |qHTML|sS.O.|uhttps://www150.statcan.gc.ca/n1/pub/75-006-x/2025003/article/00003-fra.htm
986 |a75-006-X